Countries that Visit Turkey the Most - Statistics

General Stats
  • This quiz has been taken 633 times
  • The average score is 13 of 16
Answer Stats
# Visits Country % Correct
7,017,657 Russia
96%
2,562,064 United Kingdom
96%
5,027,472 Germany
95%
875,957 France
93%
836,882 Greece
93%
578,074 United States
93%
2,713,464 Bulgaria
87%
2,102,890 Iran
84%
1,547,996 Ukraine
83%
763,320 Romania
79%
1,374,896 Iraq
77%
901,723 Azerbaijan
74%
880,839 Poland
72%
1,995,254 Georgia
71%
1,117,290 Netherlands
65%
569,368 Israel
62%
No matching quizzes found
Score Distribution
Percent of People with Each Score
Percentile by Number Answered
Your Score History
You have not taken this quiz